[Event "Aragon-chT Preferente Gr-I"]
[Site "Aragon"]
[Date "2019.01.26"]
[Round "1.40"]
[White "Mejia Palomino, Rodrigo Alberto"]
[Black "Munoz Bornao, Miguel Angel"]
[Result "1-0"]
[WhiteElo "1745"]
[BlackElo "1684"]
[PlyCount "39"]
[EventDate "2019.01.26"]
[EventType "team-tourn"]
[EventRounds "9"]
[EventCountry "ESP"]
[SourceTitle "EXT 2020"]
[Source "ChessBase"]
[SourceDate "2019.10.17"]
[SourceVersion "1"]
[SourceVersionDate "2019.10.17"]
[SourceQuality "1"]
[WhiteTeam "Agrupacion II"]
[BlackTeam "Shatranj"]
[WhiteTeamCountry "ESP"]
[BlackTeamCountry "ESP"]

1. e4 c5 2. Nf3 e6 3. g3 Nc6 4. Bg2 Qc7 5. d3 Nf6 6. 0-0 Be7 7. Na3 a6 8. Nc4 b5 9. Bf4 d6 10. e5 bxc4 11. exf6 Bxf6 12. dxc4 Be7 13. Ng5 h6 14. Ne4 e5 15. Be3 0-0 16. Nc3 Be6 17. Nd5 Bxd5 18. Bxd5 Kh8 19. Qg4 Kh7 20. Qh5 1-0